00700nac a22002051u 4500010001600000020002200016082001800038090001500056100003400071245006000105260005300165300002600218500002600244500001900270511002600289650003800315942002000353999001500373952010600388 a 95075056 a1568843275 (pbk.) a005.4469bDAV c8517d8517 aDavis, Randy. 10aWindows 95 programming for dummies /cStephen R. Davis. aBraintree, MA :bIDG Books Worldwide,1995c1995. a521p.:cill.;b23 cm. adistributer: Al-Ahram aIncludes index acatalogued by: wessam aMicrosoft windows (Computer file) cBBk005.4469DAV c8517d8517 00104070aMAINbMAINcLOWd2011-03-08ePurchasel0o005.4469DAVp000009883r2025-07-15 00:00:00yBB